00572 2200193 4500001002100000005001500021035002000036007000300056008004100059020001800100082001300118084002300131100003000154245009600184250001100280260003900291300003500330990001300365INLIS00000000000996320240802085246 a0010-1023000006ta240802 g 0 ind  a9786233110891 a297.1221 a297.1221 MUQ a C.30 aMuqbil Bin Hadi Al-Wadi'i1 aAsbabun Nuzul :blatar belakang turunnya ayat al-qur'an /cSyaikh Muqbil Bin Hadi Al-Wadi'i aCet. 1 aYogyakarta :bHikam Pustaka,c2021 a376 hlm. :bill. ;c15 x 23 cm a023.3631